[Event "Lueneburg IM 2013"]
[Site "Lueneburg GER"]
[Date "2013.07.23"]
[Round "9.3"]
[White "Koop,Tho"]
[Black "Das,Arg"]
[Result "0-1"]
[WhiteElo "2151"]
[BlackElo "2493"]

1.Nf3 d5 2.g3 c6 3.Bg2 Bf5 4.O-O e6 5.d3 h6 6.Nbd2 Nf6 7.Qe1 Bh7 8.e4 Be7
9.Qe2 O-O 10.Ne5 Bd6 11.f4 dxe4 12.Nxe4 Bxe5 13.fxe5 Nxe4 14.Bxe4 Qd4+ 15.Kg2 Bxe4+
16.dxe4 Na6 17.c3 Qxe5 18.Bf4 Qb5 19.c4 Qa5 20.a3 Rad8 21.b4 Qa4 22.c5 Rd7
23.Bd6 Rfd8 24.e5 b6 25.Rf4 Nc7 26.Raf1 Nd5 27.R4f3 bxc5 28.Qf2 cxb4 29.axb4 a5
30.Kh3 axb4 31.Rxf7 b3 32.Bf8 Ne3 33.Rf4 Qa7 34.Re1 Nd5 35.Bc5 Nxf4+ 36.gxf4 Qa2
37.Re2 Rd2  0-1

[Event "Yinzhou Cup CHN-USA"]
[Site "Ningbo CHN"]
[Date "2013.07.23"]
[Round "5.4"]
[White "Wen Yang"]
[Black "Lenderman,A"]
[Result "1-0"]
[WhiteElo "2593"]
[BlackElo "2548"]

1.Nf3 d5 2.g3 Nc6 3.d4 Bg4 4.Bg2 Qd7 5.h3 Bxf3 6.Bxf3 O-O-O 7.Bg2 e5 8.dxe5 Nxe5
9.O-O Bc5 10.c4 dxc4 11.Qc2 Ne7 12.Bf4 N7g6 13.Bxe5 Nxe5 14.Qe4 Nc6 15.Qxc4 Qd4
16.Qc2 Qd6 17.e3 Ne5 18.Nc3 Qd3 19.Qb3 Bb6 20.Rad1 Qc4 21.Qc2 g6 22.b3 Qc5
23.Qe4 Nc6 24.Nd5 Rhe8 25.Qf3 f5 26.Rc1 Ne5 27.Qe2 Qa5 28.Rfd1 c6 29.b4 Qa4
30.b5 c5 31.Rd4 Qa3 32.Rdd1 Qa5 33.Kh2 Kb8 34.f4 Nf7 35.Nf6 Re7 36.Rxd8+ Nxd8
37.Rd1 Kc8 38.e4 fxe4 39.Qg4+ Kb8 40.Nd7+ Rxd7 41.Qxd7 Qa4 42.Re1 Qd4 43.Qxd4 cxd4
44.Bxe4 Nf7 45.Bd3  1-0

[Event "Yinzhou Cup CHN-USA"]
[Site "Ningbo CHN"]
[Date "2013.07.23"]
[Round "5.2"]
[White "Ding Yixin"]
[Black "Foisor,S"]
[Result "1-0"]
[WhiteElo "2432"]
[BlackElo "2281"]

1.Nf3 d5 2.g3 Nf6 3.Bg2 e6 4.O-O Be7 5.b3 O-O 6.Bb2 c5 7.e3 Nc6 8.d4 b5 9.Nbd2 Rb8
10.Re1 Qb6 11.dxc5 Bxc5 12.Ne5 Ne7 13.Nd3 Ng6 14.h4 Bd6 15.h5 Ne7 16.h6 Ne8
17.hxg7 Nxg7 18.e4 Bb7 19.exd5 exd5 20.Ne5 Rbd8 21.Ng4 Ng6 22.Nf6+ Kh8 23.Qg4 Bc8
24.Qg5 Bf5 25.Nxd5 Qc5 26.Qxf5 f6 27.Qd3 Bb8 28.c4 bxc4 29.Qxc4 Qd6 30.Nf1 Ne5
31.Qe2 a5 32.Rad1 Ba7 33.Nfe3 Rc8 34.Rd2 Qe6 35.Nc4 Nxc4 36.Qxe6 Nxe6 37.bxc4 Ng7
38.Nxf6 Rb8 39.Bc3 Rbc8 40.Nh5 Rxf2 41.Rxf2 Rxc4 42.Re8+  1-0

[Event "Czech Open A 2013"]
[Site "Pardubice CZE"]
[Date "2013.07.23"]
[Round "5.17"]
[White "Sundararajan,K"]
[Black "Stukopin,A"]
[Result "0-1"]
[WhiteElo "2435"]
[BlackElo "2517"]

1.Nf3 d5 2.g3 c6 3.Bg2 Bg4 4.c4 Bxf3 5.Bxf3 e6 6.d4 Nf6 7.O-O Be7 8.Qb3 Qb6
9.c5 Qxb3 10.axb3 O-O 11.b4 Nbd7 12.Bf4 Ne8 13.Nc3 g5 14.Bd2 Nc7 15.h4 gxh4
16.Bf4 Rfc8 17.gxh4 Bxh4 18.Kh1 Nf8 19.Bh5 Ng6 20.Bh2 Bd8 21.Ra3 a6 22.Rfa1 Nb5
23.Nxb5 cxb5 24.e3 Bc7 25.Bxg6 fxg6 26.c6 bxc6 27.Rxa6 Rxa6 28.Rxa6 Bxh2
29.Kxh2 Rc7 30.Kg3 Kf7 31.Ra8 Kf6 32.f4 g5 33.Rf8+ Ke7 34.Rh8 gxf4+ 35.Kxf4 Kd6
36.Kf3 Rf7+ 37.Ke2 Rg7 38.Kd3 e5 39.dxe5+ Kxe5 40.Re8+ Kf5 41.Rf8+ Kg4 42.Rf1 Rg5
43.Rg1+ Kf5 44.Rc1 h5 45.Rxc6 h4 46.Ke2 Kg4 47.Kf2 Kh3 48.Rc5 Kh2 49.Rxb5 Rf5+
50.Ke2 Kg2 51.Rb8 Rf2+ 52.Kd3 Rxb2 53.Rg8+ Kf1 54.Rf8+ Ke1 55.Rh8 Rxb4 56.Rh5 Kf2
57.Rxd5 h3 58.Rh5 Kg3 59.e4 h2 60.Rh8 Rb1 61.e5 h1=Q 62.Rxh1 Rxh1 63.Ke4 Kg4  0-1

[Event "Czech Open A 2013"]
[Site "Pardubice CZE"]
[Date "2013.07.23"]
[Round "5.1"]
[White "Schlosser,P"]
[Black "Laznicka,V"]
[Result "1/2-1/2"]
[WhiteElo "2602"]
[BlackElo "2684"]

1.Nf3 d5 2.g3 Nf6 3.Bg2 Bf5 4.O-O e6 5.c4 c6 6.d3 Be7 7.cxd5 exd5 8.Qb3 Qb6
9.Qc2 Qc5 10.Qb3 Qb6 11.Qc2 Qc5 12.Qb3  1/2-1/2

[Event "14th ch-EUR Ind w"]
[Site "Belgrade SRB"]
[Date "2013.07.24"]
[Round "2.34"]
[White "Schleining,Z"]
[Black "Belenkaya,D"]
[Result "1-0"]
[WhiteElo "2368"]
[BlackElo "2191"]

1.Nf3 d5 2.g3 g6 3.Bg2 Bg7 4.d4 Nf6 5.O-O O-O 6.c4 c6 7.Qb3 Qb6 8.Nc3 Be6
9.Qxb6 axb6 10.cxd5 Nxd5 11.Bg5 Nxc3 12.bxc3 f6 13.Bf4 g5 14.Bxb8 Rfxb8 15.a4 Ra6
16.Nd2 g4 17.Rab1 f5 18.e3 Bf7 19.Rfc1 e5 20.Bf1 Rxa4 21.Rxb6 f4 22.gxf4 exf4
23.exf4 Ra2 24.Ne4 Bd5 25.Nc5 Bh6 26.Nd7 Bxf4 27.Rcb1 Rc8 28.Rxb7 Bg5 29.Ne5 Rf8
30.Bd3 Rfxf2 31.Rb8+ Kg7 32.R1b7+ Kf6 33.Rf8+ Ke6 34.Rxf2 Be3 35.Bf5+ Kf6
36.Nxg4+ Kg5 37.Nxe3 Ra1+ 38.Rf1  1-0

[Event "14th ch-EUR Ind w"]
[Site "Belgrade SRB"]
[Date "2013.07.24"]
[Round "2.9"]
[White "Chelushkina,I"]
[Black "Zawadzka,J"]
[Result "1/2-1/2"]
[WhiteElo "2265"]
[BlackElo "2393"]

1.Nf3 d5 2.g3 c6 3.Bg2 Bg4 4.O-O Nd7 5.d3 Ngf6 6.Nbd2 e5 7.e4 Bd6 8.h3 Bh5
9.a4 a5 10.Qe1 O-O 11.Nh4 Re8 12.Nf5 Bf8 13.Nb3 dxe4 14.dxe4 Qc7 15.Bd2 b6
16.g4 Bg6 17.Ng3 h6 18.Qe2 Nh7 19.Qc4 Be7 20.Nf5 Bg5 21.Rfd1 Ndf6 22.Be1 Bxf5
23.exf5 e4 24.Nd4 Rac8 25.Ne2 h5 26.gxh5 Nxh5 27.Bxe4 Re5 28.Bc3 Rc5 29.Qd3 Bf6
30.Bg2 Bxc3 31.bxc3 Nf4 32.Nxf4 Qxf4 33.Rab1 Rxf5 34.Qd4 c5 35.Qxf4 Rxf4
36.Rxb6 Rxa4 37.Rd7 Nf6 38.Ra7 Ra2 39.Rbb7 Rf8 40.Rc7 Rxc2 41.Rxc5 Rd8 42.Rf5  1/2-1/2

[Event "14th ch-EUR Ind w"]
[Site "Belgrade SRB"]
[Date "2013.07.24"]
[Round "2.82"]
[White "Bogumil,T"]
[Black "Gurcan,A"]
[Result "1/2-1/2"]
[WhiteElo "2084"]
[BlackElo "1705"]

1.Nf3 d5 2.g3 Nf6 3.c4 dxc4 4.Qa4+ Bd7 5.Qxc4 Bc6 6.Bg2 e6 7.O-O Be7 8.b3 O-O
9.Bb2 Bd5 10.Qc2 c5 11.Nc3 Bc6 12.e4 Na6 13.a3 Nc7 14.Ne5 Nb5 15.Nxb5 Bxb5
16.Rfe1 Rc8 17.a4 Bc6 18.Nxc6 Rxc6 19.Rad1 Qc7 20.Bxf6 gxf6 21.e5 Rb6 22.exf6 Bxf6
23.Re4 Rc8 24.Rg4+ Kf8 25.Qxh7 Rxb3 26.Rg8+ Ke7 27.Rxc8 Qxc8 28.Qc2 Rb2 29.Qc4 Rb4
30.Qc2 Rb2 31.Qc4 Rb4 32.Qa2 Qd7 33.Qc2 b6 34.a5 Qa4 35.Qxa4 Rxa4 36.axb6 axb6
37.Bc6 Ra2 38.h4 Rb2 39.h5 Bg7 40.Kg2 b5 41.Kh3 b4 42.f4 c4 43.g4 Rb3+ 44.Kh4 Rd3
45.Bb5 Rd4 46.Rc1 b3 47.Rxc4 b2 48.Rxd4 b1=Q 49.Rd7+ Ke8 50.Rd5+ Ke7 51.Rd7+  1/2-1/2

[Event "15th TCh-Eur Senior"]
[Site "Dresden GER"]
[Date "2013.07.24"]
[Round "5"]
[White "Roos,H"]
[Black "Grassmann,H"]
[Result "1/2-1/2"]
[WhiteElo "2022"]
[BlackElo "1941"]

1.Nf3 d5 2.g3 Nf6 3.Bg2 Nc6 4.O-O Bf5 5.d3 Qd7 6.Re1 h6 7.c3 e5 8.Nbd2 Rd8
9.Qa4 Bc5 10.b4 Bd6 11.e4 dxe4 12.dxe4 Be6 13.Qb5 Rb8 14.Nc4 a6 15.Nxd6+ Qxd6
16.Qe2 b5 17.Rd1 Qe7 18.Qc2 O-O 19.Be3 Rfd8 20.Bc5 Qe8 21.Nh4 Rxd1+ 22.Rxd1 Rd8
23.a4 Nd7 24.Be3 Nb6 25.Bxb6 cxb6 26.axb5 axb5 27.Nf5 Rxd1+ 28.Qxd1 Ne7 29.Ne3 Nc8
30.Nd5 Qc6 31.Qd2 Kf8 32.Qe3  1/2-1/2

[Event "6th Paleochora Open"]
[Site "Paleochora GRE"]
[Date "2013.07.24"]
[Round "7.18"]
[White "Nogly,C"]
[Black "Bellos,I"]
[Result "0-1"]
[WhiteElo "2270"]
[BlackElo "1986"]

1.Nf3 d5 2.g3 Bg4 3.Bg2 c6 4.c4 e6 5.O-O Nd7 6.cxd5 exd5 7.Nc3 Ngf6 8.d3 Be7
9.Qc2 O-O 10.h3 Bh5 11.Bf4 Re8 12.Rfe1 Nf8 13.g4 Bg6 14.Ne5 Bd6 15.Nxg6 Nxg6
16.Bxd6 Qxd6 17.d4 h5 18.gxh5 Nxh5 19.Qf5 Nhf4 20.Bf1 Nh4 21.Qg5 Nfg6 22.Red1 Re6
23.Rd3 Rf6 24.Rg3 Rf5 25.Qd2 Qf6 26.Nd1 Re8 27.Rg4 Re4 28.Rxe4 dxe4 29.Rc1 Rg5+
30.Kh2 Nf4 31.Rc3 Nd5 32.Rb3 e3 33.Rxe3 Nxe3 34.Qxe3 Qd6+ 35.Kh1 Qg6 36.f3 Nf5
37.Qf2 Ng3+ 38.Kh2 Nxf1+ 39.Qxf1 Qc2 40.Kh1 Qd2 41.e3 c5 42.f4 Rf5  0-1

[Event "14th ch-EUR Ind w"]
[Site "Belgrade SRB"]
[Date "2013.07.25"]
[Round "3.9"]
[White "Batsiashvili,N"]
[Black "Ozturk,Ku"]
[Result "1-0"]
[WhiteElo "2405"]
[BlackElo "2293"]

1.Nf3 d5 2.g3 Bg4 3.Bg2 Nd7 4.c4 e6 5.cxd5 exd5 6.O-O Bd6 7.d3 Ngf6 8.h3 Bh5
9.Nc3 c6 10.Qc2 O-O 11.e4 Bxf3 12.Bxf3 d4 13.Ne2 Qb6 14.Bg2 Rfe8 15.Kh1 Bf8
16.b3 Rad8 17.Bb2 c5 18.f4 Qe6 19.Rae1 Nb8 20.g4 Nc6 21.Ba3 Qc8 22.Ng3 h6
23.Qf2 Nh7 24.Qf3 Ne7 25.h4 c4 26.Bxe7 Bxe7 27.bxc4 Bxh4 28.Re2 Bxg3 29.Qxg3 Nf6
30.Bh3 Qc6 31.g5 hxg5 32.Qxg5 Nh7 33.Qg3 Rd6 34.Rh2 Rg6 35.Qf3 Rh6 36.Rg1 Qf6
37.Rg3 Rh4 38.Rhg2 g6 39.Rg4 Rh5 40.Qg3 Kf8 41.e5 Qb6 42.Kh2 Qc6 43.Qf2 Qc5
44.R4g3 Re6 45.Qf3 Rb6 46.Qd5 Rc6 47.f5 Qe7 48.Qxd4 Rh4 49.Qe3 g5 50.f6 Qc7
51.Kg1 Qb6 52.Qxb6 Rxb6 53.Bf5 Rb1+ 54.Kf2 Rf4+ 55.Rf3  1-0

[Event "ch-AUT w 2013"]
[Site "Feldkirch AUT"]
[Date "2013.07.25"]
[Round "6.3"]
[White "Schloffer,Jasmin-Denise"]
[Black "Wu,Min"]
[Result "0-1"]
[WhiteElo "1563"]
[BlackElo "1816"]

1.Nf3 d5 2.g3 Nf6 3.Bg2 c6 4.O-O Bf5 5.d3 h6 6.Nbd2 e6 7.Qe1 Bh7 8.e4 dxe4
9.dxe4 Be7 10.b3 O-O 11.Bb2 Na6 12.a3 Nc5 13.e5 Nd5 14.Rc1 a5 15.Qe2 Qc7
16.Rfd1 Rfd8 17.Nc4 b5 18.Ncd2 Rac8 19.Ne1 Bg5 20.Ra1 Nb6 21.Ne4 Nxe4 22.Bxe4 Bxe4
23.Qxe4 c5 24.Nf3 Be7 25.Qe2 c4 26.Bd4 Nd5 27.a4 b4 28.Qe4 Bc5 29.Bb2 Qb6
30.Rf1 cxb3 31.cxb3 Nc3 32.Qe1 Rd3 33.Kg2 Qc6  0-1

[Event "Maccabiah GM2 2013"]
[Site "Jerusalem ISR"]
[Date "2013.07.25"]
[Round "6.4"]
[White "Novik,Ma"]
[Black "Avrukh,B"]
[Result "1/2-1/2"]
[WhiteElo "2451"]
[BlackElo "2576"]

1.Nf3 d5 2.g3 g6 3.Bg2 Bg7 4.d4 c6 5.c4 Nf6 6.cxd5 cxd5 7.Ne5 Nfd7 8.Nf3 Nc6
9.Nc3 Nb6 10.O-O Bg4 11.Ne5 Nxe5 12.dxe5 d4 13.Nb5 Bxe5 14.Bf4 Bxf4 15.gxf4 d3
16.Qxd3 Qxd3 17.exd3 O-O-O 18.Nxa7+ Kb8 19.Nb5 Rxd3 20.a4 Nd5 21.a5 Bd7 22.Rfd1 Bxb5
23.Rxd3 Bxd3 24.Bxd5 e6 25.Bf3 Rc8 26.Rd1 Bb5 27.Rd6 Rc1+ 28.Kg2 Kc7 29.Rb6 Bc6
30.Bxc6 bxc6 31.b4  1/2-1/2

[Event "Maccabiah IM2 2013"]
[Site "Jerusalem ISR"]
[Date "2013.07.25"]
[Round "7.3"]
[White "Shutzman,J"]
[Black "Porat,I"]
[Result "1/2-1/2"]
[WhiteElo "2253"]
[BlackElo "2441"]

1.Nf3 d5 2.g3 Nc6 3.Bg2 Nf6 4.d3 Bg4 5.h3 Bh5 6.O-O e6 7.a3 a5 8.Nbd2 Bc5
9.Qe1 O-O 10.e4 dxe4 11.dxe4 e5 12.Nb3 Bd6 13.a4 Qe7 14.c3 Bxf3 15.Bxf3 Qe6
16.Nd2 Qxh3 17.Bg2 Qh5 18.Nf3 Bc5 19.Nh2 Ng4 20.Nxg4 Qxg4 21.Be3 Bxe3 22.Qxe3 Rad8
23.Bf3 Qe6 24.Qc5 Rd2 25.Qb5 b6 26.Rad1 Rfd8 27.Rxd2 Rxd2 28.Rd1 Rd6 29.Rd5 Qe7
30.Be2 Kf8 31.Bc4 Rxd5 32.Qxd5 Nd8 33.Qa8 Qd6 34.b4 axb4 35.cxb4 Ke7 36.Qc8 Qd1+
37.Bf1 Qd7 38.Qa6 Qc6 39.Qc8 Qd7 40.Qa6 Qc6 41.Qc8 Qd7 42.Qa6 Qd2 43.Qb5  1/2-1/2

[Event "31st Andorra Open"]
[Site "La Massana AND"]
[Date "2013.07.25"]
[Round "6.6"]
[White "Alonso Rosell,A"]
[Black "Demuth,A"]
[Result "1/2-1/2"]
[WhiteElo "2550"]
[BlackElo "2463"]

1.Nf3 d5 2.g3 Nf6 3.Bg2 e6 4.O-O Be7 5.d4 O-O 6.c4 c5 7.cxd5 exd5 8.Nc3 Nc6
9.dxc5 Bxc5 10.Bf4 Re8 11.Rc1 Qa5 12.a3 Bf8 13.b4 Qxa3 14.Nb5 Qxb4 15.Nc7 Bf5
16.Nxa8 Rxa8 17.Ne5 Nd4 18.e4 Nxe4 19.Be3 Ne6 20.Qxd5 Rd8 21.Qc4 Qxc4 22.Rxc4 N4c5
23.g4 Bd3 24.Nxd3 Rxd3 25.Re1 b5 26.Rc2 b4 27.Ra2 Rd7 28.Bc6 Rc7 29.Bd5 b3
30.Rd2 a5 31.Ra1 a4  1/2-1/2

[Event "III Brazil Maringa Open"]
[Site "Maringa BRA"]
[Date "2013.07.25"]
[Round "3.29"]
[White "Santos,RenA"]
[Black "Branco,Guilherme Paulino"]
[Result "1/2-1/2"]
[WhiteElo "2188"]
[BlackElo "1987"]

1.Nf3 d5 2.g3 Nf6 3.Bg2 c5 4.O-O Nc6 5.d4 e6 6.c4 dxc4 7.Qa4 cxd4 8.Nxd4 Bd7
9.Nxc6 bxc6 10.Bxc6 Rc8 11.Bxd7+ Qxd7 12.Qxd7+ Nxd7 13.Be3 Nb6 14.Nc3 Bc5
15.Bxc5 Rxc5 16.Rfd1 Ke7 17.e4 Rd8 18.Rxd8 Kxd8 19.Rd1+  1/2-1/2

[Event "Yinzhou Cup CHN-USA Rapid"]
[Site "Ningbo CHN"]
[Date "2013.07.25"]
[Round "1.5"]
[White "Wen Yang"]
[Black "Shulman,Y"]
[Result "1-0"]
[WhiteElo "2593"]
[BlackElo "2542"]

1.Nf3 d5 2.g3 Nf6 3.Bg2 c6 4.c4 dxc4 5.O-O Nbd7 6.Qc2 Nb6 7.Na3 g6 8.Nxc4 Nxc4
9.Qxc4 Bg7 10.d3 O-O 11.Qh4 Qb6 12.Rb1 Be6 13.b3 Qa5 14.a4 Bg4 15.Bd2 Qh5
16.Qxh5 Bxh5 17.h3 Bxf3 18.Bxf3 Rfd8 19.b4 a6 20.Rfc1 Nd5 21.h4 h5 22.Kf1 Rac8
23.b5 axb5 24.axb5 c5 25.b6 e6 26.Rb5 Bf8 27.Ra1 Rc6 28.Ra7 Rxb6 29.Rxb6 Nxb6
30.Ba5 Rd6 31.Rxb7 Nd5 32.Rb8 Kg7 33.Rc8 Rd7 34.Bxd5 exd5 35.Bb6 c4 36.Bd4+ f6
37.dxc4 dxc4 38.Rxc4 Kf7 39.e3 Bd6 40.Ke2 Rc7 41.Ra4 Bf8 42.e4 Bc5 43.Bxc5 Rxc5
44.Ra7+ Kf8 45.Ke3 Rc2 46.f3 Rc3+ 47.Kf4 Rb3 48.Rh7 Kg8 49.Rd7 Kf8 50.Ra7 Rc3
51.Ra5 Kf7 52.Rb5 Ra3 53.Rc5 Rb3 54.Ra5 Rc3 55.Ra7+ Kf8 56.g4 hxg4 57.fxg4 Rc5
58.g5 fxg5+ 59.hxg5 Rb5 60.Rd7 Ra5 61.Rd5 Ra6 62.Ke5 Ke7 63.Rb5 Re6+ 64.Kf4 Ra6
65.Rb7+ Kf8 66.Rc7 Rb6 67.Ke5 Rb5+ 68.Ke6 Rb6+ 69.Kd5 Rb5+ 70.Rc5 Rb7 71.Ke6 Rb6+
72.Kd7 Rb7+ 73.Kd6 Rb6+ 74.Rc6 Rb1 75.Ke6 Rf1 76.Rc8+ Kg7 77.Rc7+ Kf8 78.e5 Rf2
79.Rc4 Rf1 80.Rc8+ Kg7 81.Rc6 Rf2 82.Kd7 Rd2+ 83.Rd6 Ra2 84.e6 Ra7+ 85.Ke8 Ra8+
86.Rd8 Ra5 87.e7 Ra7 88.Rb8 Ra6 89.Kd7 Ra7+ 90.Kd6 Ra6+ 91.Kc5  1-0

[Event "Yinzhou Cup CHN-USA Rapid"]
[Site "Ningbo CHN"]
[Date "2013.07.25"]
[Round "2.2"]
[White "Wang Yue"]
[Black "Shankland,S"]
[Result "1-0"]
[WhiteElo "2705"]
[BlackElo "2599"]

1.Nf3 d5 2.g3 Nf6 3.Bg2 g6 4.c4 c6 5.cxd5 cxd5 6.d4 Bg7 7.Nc3 O-O 8.Ne5 e6
9.O-O Nfd7 10.Nf3 Nc6 11.Bf4 Nf6 12.Rc1 Bd7 13.Bd6 Re8 14.Ne5 Bf8 15.Bxf8 Rxf8
16.e3 Qe7 17.f4 Rac8 18.g4 Rfd8 19.Qf3 h5 20.h3 Kg7 21.Qg3 hxg4 22.hxg4 Rh8
23.f5 exf5 24.gxf5 Rh5  1-0

[Event "Yinzhou Cup CHN-USA Rapid"]
[Site "Ningbo CHN"]
[Date "2013.07.25"]
[Round "4.4"]
[White "Wang Yue"]
[Black "Lenderman,A"]
[Result "1-0"]
[WhiteElo "2705"]
[BlackElo "2548"]

1.Nf3 d5 2.g3 Nf6 3.Bg2 e6 4.O-O Be7 5.c4 dxc4 6.Qa4+ c6 7.Qxc4 b5 8.Qc2 Bb7
9.d4 Nbd7 10.a4 a6 11.Rd1 c5 12.dxc5 Bxc5 13.Ne5 Bxg2 14.Kxg2 Qb6 15.Nxd7 Nxd7
16.axb5 Qxb5 17.Nc3 Qc6+ 18.Qe4 Rc8 19.Bf4 Nf6 20.Qxc6+ Rxc6 21.Rac1 Be7
22.e4 Rc8 23.Ra1 Rc6 24.Ra4 Nd7 25.Rda1 Nc5 26.Rc4 O-O 27.Na4 Rcc8 28.Rac1 g5
29.Be3 Nxa4 30.Rxc8 Nxb2 31.Rxf8+ Bxf8 32.Rc8 Kg7  1-0

[Event "Czech Open A 2013"]
[Site "Pardubice CZE"]
[Date "2013.07.25"]
[Round "7.7"]
[White "Lalith,B"]
[Black "Mozharov,M"]
[Result "1/2-1/2"]
[WhiteElo "2571"]
[BlackElo "2495"]

1.Nf3 d5 2.g3 Bg4 3.Bg2 Nd7 4.d4 c6 5.O-O Bxf3 6.Bxf3 Ngf6 7.Bf4 e6 8.Qd3 Be7
9.Nd2 O-O 10.c4 Re8 11.Rfd1 Bf8 12.Qc3 g6 13.c5 Qe7 14.Bd6 Qd8 15.Bf4 Qe7
16.Bd6 Qd8 17.Bf4  1/2-1/2

[Event "14th ch-EUR Ind w"]
[Site "Belgrade SRB"]
[Date "2013.07.26"]
[Round "4.6"]
[White "Chelushkina,I"]
[Black "Peptan,C"]
[Result "0-1"]
[WhiteElo "2265"]
[BlackElo "2439"]

1.g3 d5 2.Nf3 c6 3.Bg2 Nf6 4.O-O Bf5 5.d3 h6 6.Nbd2 e6 7.Qe1 Be7 8.e4 Bh7
9.Qe2 O-O 10.b3 a5 11.a3 c5 12.Bb2 Nc6 13.a4 Re8 14.Rfd1 Qb6 15.Ne1 Rad8
16.h3 Nd4 17.Qf1 Bf8 18.Kh2 e5 19.exd5 Nxd5 20.Nc4 Qc7 21.Qh1 Nf6 22.Bxd4 cxd4
23.Bxb7 e4 24.Bxe4 Nxe4 25.dxe4 Bxe4 26.Qf1 Bb4 27.Rac1 h5 28.Nd2 Bb7 29.Ndf3 Bc3
30.Qb5 g6 31.h4 Re6 32.Ng5 Rf6 33.Qe2 Qc6 34.f3 Re8 35.Qf2 Re3 36.Rd3 Re7
37.Ng2 Qe8 38.Rxd4 Bxf3 39.Nxf3 Bxd4 40.Qxd4 Rxf3 41.Rd1 Re2 42.Rd2 Rxd2
43.Qxd2 Qe5 44.Nf4 Qe3 45.Qd8+ Kg7 46.Qg5 Qf2+ 47.Ng2 Rf5 48.Qc1 Rd5 49.c3 Rd2  0-1

[Event "14th ch-EUR Ind w"]
[Site "Belgrade SRB"]
[Date "2013.07.26"]
[Round "4.32"]
[White "Isgandarova,K"]
[Black "Rogule,L"]
[Result "1/2-1/2"]
[WhiteElo "2219"]
[BlackElo "2329"]

1.Nf3 d5 2.g3 c6 3.Bg2 Bg4 4.d3 Nd7 5.Nbd2 Ngf6 6.O-O e5 7.h3 Bh5 8.e4 dxe4
9.dxe4 Bc5 10.Qe2 O-O 11.Rd1 Qc7 12.Nb3 a5 13.Bg5 Ba7 14.g4 Bg6 15.Nh4 a4
16.Nd2 b5 17.a3 h6 18.Be3 Nc5 19.c4 Ne6 20.cxb5 cxb5 21.Nxg6 fxg6 22.Qxb5 Bxe3
23.fxe3 Rfb8 24.Qc4 Qb6 25.Qc3 Qxb2 26.Qxb2 Rxb2 27.Nc4 Rb5 28.Rab1 Rab8
29.Rxb5 Rxb5 30.Rd6 Ng5 31.Ra6 Ngxe4 32.Rxa4 Nc3 33.Ra8+ Kh7 34.Nd6 Rb1+
35.Kh2 e4 36.Nf7 Ng8 37.Rc8 Rb3 38.a4 Nxa4 39.Bxe4 Rxe3 40.Re8 Re2+ 41.Kg3 Nc3
42.Bc6 Rxe8 43.Bxe8 Nf6 44.Bc6 Ne2+ 45.Kf2 Nf4 46.Kg3 g5 47.Ne5 g6 48.Nf3 Ne6
49.Bb7 Kg7 50.Bc6 Nd8 51.Ba8 Nd7 52.Nd2 Kf6 53.h4 gxh4+ 54.Kxh4 Ne6 55.Ne4+ Ke5
56.g5 h5 57.Ng3 Ng7 58.Bf3 Nf8 59.Bxh5 Nxh5 60.Nxh5  1/2-1/2

[Event "65th ch-MNE 2013"]
[Site "Cetinje SRB"]
[Date "2013.07.26"]
[Round "7.9"]
[White "Tomic,Aleksandar"]
[Black "Prijovic,B"]
[Result "1-0"]
[WhiteElo "1970"]
[BlackElo "2034"]

1.Nf3 d5 2.g3 Nf6 3.Bg2 c6 4.O-O Bf5 5.d3 e6 6.Nbd2 Be7 7.Qe1 Nbd7 8.e4 dxe4
9.dxe4 Bg6 10.Qe2 Nb6 11.Ne5 Qd4 12.Nxg6 hxg6 13.c3 Qc5 14.a4 Qh5 15.Qxh5 Rxh5
16.a5 Nbd7 17.a6 b6 18.Nc4 e5 19.b4 Rd8 20.Rd1 Nb8 21.Rxd8+ Bxd8 22.Bf3 Bc7
23.Bxh5 gxh5 24.f3 Nbd7 25.Be3 Ke7 26.Bg5 Ke6 27.b5 cxb5 28.Na3 Nc5 29.Nxb5 Bb8
30.Bxf6 Kxf6 31.Rd1 Ke7 32.Kg2 g6 33.Kh3 g5 34.c4 f6 35.Ra1 Nb3 36.Ra3 Nc5
37.Nc3 Ke6 38.Nd5  1-0

[Event "15th TCh-Eur Senior"]
[Site "Dresden GER"]
[Date "2013.07.26"]
[Round "7"]
[White "Pitzl,K"]
[Black "Grassmann,H"]
[Result "1-0"]
[WhiteElo "2055"]
[BlackElo "1941"]

1.Nf3 d5 2.g3 Nf6 3.Bg2 Nc6 4.c4 d4 5.O-O Bf5 6.d3 Qd7 7.b4 a6 8.b5 axb5
9.cxb5 Na5 10.Na3 c5 11.Ne5 Qe6 12.Nac4 Nxc4 13.Nxc4 Nd5 14.e4 dxe3 15.Bxe3 Nxe3
16.fxe3 O-O-O 17.e4 Bg6 18.Qa4  1-0

[Event "15th TCh-Eur Senior"]
[Site "Dresden GER"]
[Date "2013.07.26"]
[Round "7"]
[White "Pape,M"]
[Black "Andersson,S"]
[Result "1-0"]
[WhiteElo "2216"]
[BlackElo "1977"]

1.Nf3 d5 2.g3 g6 3.Bg2 Bg7 4.c4 c6 5.O-O e5 6.cxd5 cxd5 7.d4 e4 8.Ne1 Nc6
9.Nc2 Nge7 10.Nc3 O-O 11.b3 Be6 12.Ba3 a6 13.Na4 b6 14.Qd2 Re8 15.e3 Nf5
16.Rfc1 Bh6 17.Bf1 b5 18.Nc5 Bc8 19.Bb2 Bf8 20.a4 Rb8 21.axb5 axb5 22.Ne1 Qb6
23.Ng2 g5 24.Ra2 Ne5 25.dxe5 Bxc5 26.Qxd5 Be7 27.Qxe4 Ng7 28.Bd4 Qe6 29.Bd3 Qh3
30.Nh4 Nf5 31.Nxf5 Bb7 32.Nxe7+ Rxe7 33.Qxh7+ Qxh7 34.Bxh7+ Kxh7 35.Ra7 Kg6
36.Rc5 Kf5 37.Rxb5 Rc7 38.f3 g4 39.e4+ Ke6 40.f4 Rc1+ 41.Kf2 Rc7 42.Ke3 Kd7
43.e6+ Kxe6 44.Be5 Bxe4 45.Ra6+  1-0

[Event "ch-AUT 2013"]
[Site "Feldkirch AUT"]
[Date "2013.07.26"]
[Round "7.6"]
[White "Handler,L"]
[Black "Bezler,R"]
[Result "1-0"]
[WhiteElo "2403"]
[BlackElo "2217"]

1.Nf3 d5 2.g3 Nf6 3.Bg2 e6 4.O-O Be7 5.c4 O-O 6.d4 b6 7.cxd5 exd5 8.Nc3 Bb7
9.Bf4 Nbd7 10.Rc1 c6 11.Ne5 Re8 12.Qa4 Nxe5 13.Bxe5 Bf8 14.a3 Qe7 15.Rfd1 a5
16.Qc2 Rac8 17.Na4 Qd8 18.Bh3 Ra8 19.Bxf6 gxf6 20.Bf5 h6 21.e3 Bc8 22.Bd3 Bd7
23.Qe2 Rb8 24.Nc3 f5 25.Bb1 Bd6 26.Qd3 Qg5 27.Ne2 Ra8 28.Kg2 Ra7 29.Ng1 Qg7
30.Ne2 Qg4 31.Nf4 Raa8 32.Qb3 Rab8 33.Nd3 f4 34.Nxf4 Bxf4 35.exf4 Re2 36.Qd3 Rbe8
37.Qh7+ Kf8 38.Qxh6+  1-0

[Event "Yinzhou Cup CHN-USA Rapid"]
[Site "Ningbo CHN"]
[Date "2013.07.26"]
[Round "5.5"]
[White "Wang Yue"]
[Black "Shulman,Y"]
[Result "1/2-1/2"]
[WhiteElo "2705"]
[BlackElo "2542"]

1.Nf3 d5 2.g3 Nf6 3.Bg2 c6 4.O-O Bf5 5.d3 h6 6.Nbd2 e6 7.b3 Be7 8.Bb2 O-O
9.Re1 a5 10.e4 Bh7 11.a3 Nbd7 12.e5 Ne8 13.h4 b5 14.a4 bxa4 15.Rxa4 Nb6 16.Rg4 a4
17.b4 a3 18.Ba1 Ra4 19.Qb1 c5 20.c3 a2 21.Qb3 Bxd3 22.bxc5 Rxg4 23.cxb6 Qb8
24.Nd4 Bc5 25.Bf3 Rg6 26.b7 Ba6 27.Qxa2 Qxb7 28.Bh5 Bd3 29.Re3 Qa6 30.Qxa6 Bxa6
31.N2b3 Bxd4 32.cxd4 Nc7 33.Bc3 Bc4 34.Nc5 Ra8 35.Re1 Nb5 36.Ra1 Rxa1+ 37.Bxa1 Nc7
38.Bc3 Na6 39.Nb7 Bd3 40.Kg2 Nc7 41.Nc5 Bc2 42.f4 Nb5 43.Bb2 Na7 44.Kf2 Nc6
45.Bc3 Ne7 46.Be1 Nc6 47.Bc3 Ne7 48.Nb7 Bf5 49.Nd8 Bg4 50.Bxg6 Nxg6 51.Bb4 f6
52.Ke3 Nh8 53.Be7 fxe5 54.dxe5 Nf7 55.Nc6 Kh7 56.Kd4 Kg6 57.Bf8 Kh7 58.Kc5 g5
59.Be7 gxf4 60.gxf4 Kg6 61.Nd4 Nh8 62.Bf6 Nf7 63.Kc6 Kh5 64.Kd7 Kg6 65.Ke7 h5
66.Nxe6 Nh6 67.Nd4 Nf5+ 68.Nxf5 Kxf5 69.e6 Kxf4 70.Kd6 Bd1 71.Kxd5 Kf5 72.e7 Ba4
73.Bc3 Bb5 74.Kd6 Ba4  1/2-1/2

[Event "Yinzhou Cup CHN-USA Rapid"]
[Site "Ningbo CHN"]
[Date "2013.07.26"]
[Round "7.4"]
[White "Xiu Deshun"]
[Black "Lenderman,A"]
[Result "1/2-1/2"]
[WhiteElo "2556"]
[BlackElo "2548"]

1.Nf3 d5 2.g3 c6 3.Bg2 Bg4 4.c4 e6 5.cxd5 Bxf3 6.Bxf3 cxd5 7.O-O Nc6 8.d4 Nf6
9.Nc3 Be7 10.b3 Qa5 11.Bb2 Ba3 12.Bxa3 Qxa3 13.e3 O-O 14.Qc1 Qxc1 15.Rfxc1 Rac8
16.Na4 Nb4 17.Be2 Rxc1+ 18.Rxc1 Nxa2 19.Rc2 Nb4 20.Rc7 Rb8 21.Nc5 b6 22.Na6 Nxa6
23.Bxa6 g5 24.h3 Ra8 25.g4 Kf8 26.Kg2 Ne8 27.Rd7 Nf6 28.Rc7 h5 29.gxh5 Nxh5
30.b4 Nf6 31.b5 Ne8 32.Rd7 Nf6 33.Rc7 Ne4 34.f3 Nd6 35.e4 Ke8 36.exd5 exd5
37.Kg3 Kd8 38.Rc1 Kd7 39.f4 f6 40.fxg5 fxg5 41.Kg4 Rh8 42.Rh1 Ne4 43.Rc1 Rh4+
44.Kf5 Rxh3 45.Bc8+ Ke7 46.Ke5 Rc3 47.Ra1 Rxc8 48.Rxa7+ Kf8 49.Kxd5 Re8 50.Rb7 Nf6+
51.Kd6 g4 52.Rxb6 g3 53.Ra6 Re1 54.Ra2 Ne4+ 55.Kd7 Rb1 56.Kc6 Nf2 57.b6 Kg7
58.Ra3 Ne4 59.Ra2 Kf6 60.b7 Rc1+ 61.Kd7 Rb1 62.Kc6 Rc1+ 63.Kb6 Rb1+ 64.Ka7 Nc3
65.Rg2 Nb5+ 66.Ka6 Nd6 67.Rxg3 Rxb7 68.Re3 Rb1 69.Re2 Rd1 70.Kb6 Nf5 71.Kc5 Nxd4
72.Rh2 Ke5 73.Kc4 Nf3 74.Re2+ Kf4 75.Re8 Ne5+ 76.Kc5 Ke4 77.Rh8 Rc1+ 78.Kb4 Nc6+
79.Kb5 Rc2 80.Rh4+ Kd5 81.Rh5+ Ne5 82.Kb4 Rc8 83.Kb3 Kd4 84.Rh4+ Kd5 85.Rh5 Ke4
86.Rh4+ Ke3 87.Rh7 Nf3 88.Kb4 Ng5 89.Re7+ Ne4 90.Kb5 Kd4 91.Rd7+ Ke5 92.Kb4 Nf6
93.Rg7 Kd4 94.Kb3 Rc3+ 95.Kb2 Rh3 96.Rc7 Ne4 97.Rg7 Rh2+ 98.Kb3 Nc5+ 99.Kb4 Rb2+
100.Ka5 Ne4 101.Rh7 Nd6 102.Rh4+ Ne4 103.Rh8 Nf6 104.Rd8+ Nd5 105.Rh8 Nc7
106.Ka4 Kc4 107.Rh4+ Kc5 108.Rh1 Nd5 109.Rc1+ Kd4 110.Ka5 Ne3 111.Rh1 Kc5
112.Rh5+ Nd5 113.Ka4 Rb4+ 114.Ka3 Rb8 115.Rg5 Kc4 116.Rg4+ Kd3 117.Rg3+ Ne3
118.Rh3 Kd4 119.Ka4 Rb7 120.Rh4+ Kc3 121.Rh3 Kc4 122.Rh4+ Kc5 123.Rh5+ Nd5
124.Ka3 Kc4 125.Rh4+ Kd3 126.Rh3+ Kc2 127.Rh2+ Kc3  1/2-1/2

[Event "6th Paleochora Open"]
[Site "Paleochora GRE"]
[Date "2013.07.26"]
[Round "9.29"]
[White "Kalogeris,I"]
[Black "Theodorou,Nikolas"]
[Result "0-1"]
[WhiteElo "2008"]
[BlackElo "2125"]

1.g3 d5 2.Nf3 c6 3.Bg2 Nf6 4.O-O Bg4 5.d4 Nbd7 6.b3 e6 7.c4 Be7 8.Nc3 O-O
9.h3 Bh5 10.g4 Bg6 11.Ne5 Nxe5 12.dxe5 Ne4 13.Nxe4 dxe4 14.Bd2 Qc7 15.Bc3 Bg5
16.e3 f5 17.exf6 gxf6 18.Qc2 f5 19.Rad1 Rf7 20.c5 Raf8 21.Qb2 Rd8 22.Be5 Qc8
23.b4 Rd5 24.gxf5 Bxf5 25.Rd2 Qf8 26.Kh2 Bg6 27.Bd6 Qd8 28.Rg1 Bf6 29.Qc2 Be5+
30.Kh1 Bxd6 31.cxd6 Qxd6 32.Re2 Rh5 33.Rd2 Qxb4 34.Bxe4 Rxh3+ 35.Kg2 Rh4
36.Rd4 Rg4+ 37.Kh2 Qf8 38.Rxg4 Rxf2+ 39.Kg3 Rxc2 40.Bxc2 Qa3 41.Bb3 Qe7 42.Rde4 Qd6+
43.Kh3 Kg7 44.Rxe6 Qc5 45.e4 a5 46.Rg3 b5 47.Bd1 a4 48.Bg4 b4 49.Bf5 Kf7
50.Rf3 b3 51.Bg4+ Kg7 52.axb3 a3 53.b4 Qc1 54.Re7+ Kh6 55.Rf2 Qb2 56.Re2 Qb3+
57.Kh4 Qxb4 58.Re6 Qc4 59.Re7 Qb4 60.Re6 Qb1  0-1